Commercial property analysis and advice (Record no. 106696)

MARC details
000 -LEADER
fixed length control field 01036cad a22002535a 4500
001 - CONTROL NUMBER
control field L137223
008 - FIXED-LENGTH DATA ELEMENTS--GENERAL INFORMATION
fixed length control field 070323s1996 xxkd f 100 0 eng d
020 ## - INTERNATIONAL STANDARD BOOK NUMBER
International Standard Book Number 0854069305
035 ## - SYSTEM CONTROL NUMBER
System control number (Sirsi) u137223
041 0# - LANGUAGE CODE
Language code of text/sound track or separate title eng
050 04 - LIBRARY OF CONGRESS CALL NUMBER
Classification number 333.332 $2 18
100 1# - MAIN ENTRY--PERSONAL NAME
Personal name Smith, Andrew
245 00 - TITLE STATEMENT
Title Commercial property analysis and advice
Remainder of title information holds the key
Medium [electronic resource]
260 ## - PUBLICATION, DISTRIBUTION, ETC.
Place of publication, distribution, etc. London
Name of publisher, distributor, etc. RICS
Date of publication, distribution, etc. 1996
490 #0 - SERIES STATEMENT
Series statement RICS Cutting Edge
Volume/sequential designation 1996
520 ## - SUMMARY, ETC.
Summary, etc. Examines the information requirements of commercial property advisors and analysts and assesses of current property information sources.
651 #4 - SUBJECT ADDED ENTRY--GEOGRAPHIC NAME
Geographic name England and Wales
Chronological subdivision 1543-
690 ## - LOCAL SUBJECT ADDED ENTRY--TOPICAL TERM (OCLC, RLIN)
Topical term or geographic name as entry element PROPERTY-COMMERCIAL PROPERTY-COMMERCIAL PROPERTY APPRAISAL AND VALUATION
700 1# - ADDED ENTRY--PERSONAL NAME
Personal name Wyatt, Peter
710 2# - ADDED ENTRY--CORPORATE NAME
Corporate name or jurisdiction name as entry element Royal Institution of Chartered Surveyors
Subordinate unit Research
9 (RLIN) 4902
711 2# - ADDED ENTRY--MEETING NAME
Meeting name or jurisdiction name as entry element Cutting Edge
Date of meeting or treaty signing 1996
856 40 - ELECTRONIC LOCATION AND ACCESS
Uniform Resource Identifier <a href="https://www.rics.org/Global/Downloads/CommercialPropertyAnalysisAdvice1996.pdf">https://www.rics.org/Global/Downloads/CommercialPropertyAnalysisAdvice1996.pdf</a>
Public note View the research free of charge at www.rics.org...
942 ## - ADDED ENTRY ELEMENTS (KOHA)
Suppress in OPAC 0
Holdings
Withdrawn status Lost status Source of classification or shelving scheme Damaged status Not for loan Home library Current library Shelving location Date acquired Total Checkouts Full call number Barcode Date last seen Copy number Price effective from Koha item type
    Dewey Decimal Classification     Virtual Virtual Online 23/03/2007   ONLINE PUBLICATION 137223-1001 06/08/2019 1 06/08/2019 Book